000 00357nam a2200145Ia 4500
008 150201s1994 xx 000 0 und d
082 _a616.01
_bF1994A
100 _aALCANO,I.EDWARD
245 _aFUNDAMENTALS OF MICRIBIOLOGY
250 _a4TH
260 _bBENJAMIN PUB.COMP.
_aDELHI
_c1994
300 _a1-916
650 _aMICROBIOLOGY
942 _2ddc
_cBK
999 _c3086
_d3086